000 00629cab a2200217 4500
001 WB3133-05
008 090401t1995 xxu||||| |||| 00| 0 eng d
035 _a(Sirsi) u61050
041 _aeng
245 _aMore buildings being listed
260 _c1995
350 _a0
490 _aBuilding Design
_v(1232) 1 September 1995, 4(1)
520 _aMore buildings are being listed, but fewer spot-listed. Planning applications are increasing.
650 _aHISTORIC BUILDINGS
650 _aLISTED BUILDINGS
650 _aSPOT-LISTING
690 _aBUILDING AND CONSTRUCTION-CONTROL
942 _n0
948 _c04/03/1997
999 _c37746
_d37746